000 00858nam a22002297a 4500
999 _c4561
_d4561
003 AR-CdUCM
008 190311b ||||| |||| 00| 0 spa d
040 _aMUNICIPALIDAD PROVINCIAL DEL CUSCO
_cBIBLIOTECA MUNICIPAL DEL CUSCO
082 _22ed.
_a803.09 /
_bA71
100 _aArrieta, Rafael Alberto
_914262
245 _aIntroducción al modernismo literario /
260 _aBuenos Aires :
_bEditorial Columbia,
_c1961.
300 _a63 páginas ;
_c20 cm.
440 _aColección Esquemas
_n24
_914263
500 _aDonación de Luis Nieto
505 _aContenido: Los dos movimiento innovadores -- Fuentes Europeas y precursores americanos -- Cosmópolis -- La "revista de América" -- Otras revistas...
650 _aModernismo
_9519
650 _aAmérica Latina
_91130
650 _aAmérica Latina
_91130
942 _2ddc
_cLIBROS
945 _adavv